Characterization of nanophase materials
The book focuses on structural and property characterization of nanocrystals and their assemblies, with an emphasis on basic physical approach, detailed techniques, data interpretation and applications." "Intended as a comprehensive reference work for postgraduate students and researchers...
Guardat en:
| Format: | Llibre |
|---|---|
| Idioma: | Undetermined |
| Publicat: |
Weinheim
Wiley-VCH
2000
|
| Matèries: | |
| Etiquetes: |
Afegir etiqueta
Sense etiquetes, Sigues el primer a etiquetar aquest registre!
|
| Thư viện lưu trữ: | Trung tâm Học liệu Trường Đại học Cần Thơ |
|---|
| LEADER | 00901nam a2200181Ia 4500 | ||
|---|---|---|---|
| 001 | CTU_230255 | ||
| 008 | 210402s9999 xx 000 0 und d | ||
| 082 | |a 620.5 | ||
| 082 | |b C469 | ||
| 245 | 0 | |a Characterization of nanophase materials | |
| 245 | 0 | |c Edited by Zhong Lin Wang | |
| 260 | |a Weinheim | ||
| 260 | |b Wiley-VCH | ||
| 260 | |c 2000 | ||
| 520 | |a The book focuses on structural and property characterization of nanocrystals and their assemblies, with an emphasis on basic physical approach, detailed techniques, data interpretation and applications." "Intended as a comprehensive reference work for postgraduate students and researchers in the field who are specialized in materials chemistry, materials physics, and materials science | ||
| 650 | |a Vật liệu cấu trúc nano,Nanostructured materials | ||
| 910 | |b nthai | ||
| 980 | |a Trung tâm Học liệu Trường Đại học Cần Thơ | ||